Gandhi, Nehru, Tagore and other eminent personalities of modern India. (Record no. 491)

MARC details
000 -LEADER
fixed length control field 00614cam a2200193ua 4500
001 - CONTROL NUMBER
control field 554
005 - DATE AND TIME OF LATEST TRANSACTION
control field 20260515113202.0
008 - FIXED-LENGTH DATA ELEMENTS--GENERAL INFORMATION
fixed length control field 110407n ii |||gr||||Z||||||eng
020 ## - INTERNATIONAL STANDARD BOOK NUMBER
International Standard Book Number 81-8357-059-3
040 ## - CATALOGING SOURCE
Transcribing agency MAIN
082 ## - DEWEY DECIMAL CLASSIFICATION NUMBER
Classification number 320.5
245 11 - TITLE STATEMENT
Title Gandhi, Nehru, Tagore and other eminent personalities of modern India.
Remainder of title unique competative series.
250 ## - EDITION STATEMENT
Edition statement 25th. /
Remainder of edition statement Edited by J K Chopra.
260 ## - PUBLICATION, DISTRIBUTION, ETC.
Place of publication, distribution, etc. New Delhi.:
Name of publisher, distributor, etc. Unique publishers.,
Date of publication, distribution, etc. 2006.
300 ## - PHYSICAL DESCRIPTION
Extent xvi, 336 p.:6 cm.
653 ## - INDEX TERM--UNCONTROLLED
Uncontrolled term Political science.
653 ## - INDEX TERM--UNCONTROLLED
Uncontrolled term Gandhi, Nehru, Tagore and other eminent personalities of modern India.
942 ## - ADDED ENTRY ELEMENTS (KOHA)
Koha item type Books
Holdings
Withdrawn status Lost status Damaged status Not for loan Home library Current library Shelving location Date acquired Total checkouts Full call number Barcode Date last seen Date last checked out Copy number Price effective from Koha item type
        Naharkatiya College Library Naharkatiya College Library General stacks 09/19/2020 1 320.5 | GAN 16975 11/21/2024 11/14/2024 1 09/19/2020 Books